| 000 | 01857cam a2200397 a 4500 | ||
|---|---|---|---|
| 001 | 15594015 | ||
| 003 | OSt | ||
| 005 | 20170105102901.0 | ||
| 008 | 090122s2010 enka b 001 0 eng | ||
| 010 | _a 2009002837 | ||
| 020 | _a9780415480833 (hbk. : alk. paper) | ||
| 020 | _a0415480833 (hbk. : alk. paper) | ||
| 020 | _a9780203873977 (ebook) | ||
| 020 | _a0203873971 (ebook) | ||
| 035 | _a(OCoLC)ocn300031075 | ||
| 040 |
_aDLC _cDLC _dBWKUK _dBWK _dBWX _dCDX _dYDXCP _dDLC |
||
| 043 | _ad------ | ||
| 050 | 0 | 0 |
_aJZ6300 _b.C37 2010 |
| 082 | 0 | 0 |
_a355.033 _222 _bCAR 2010 |
| 100 | 1 |
_aCarment, David, _d1959- |
|
| 245 | 1 | 0 |
_aSecurity, development, and the fragile state : _bbridging the gap between theory and policy / _cDavid Carment, Stewart Prest, and Yiagadeesen Samy. |
| 260 |
_aLondon ; _aNew York : _bRoutledge, _c2010. |
||
| 300 |
_axiv, 282 p. : _bill. ; _c24 cm. |
||
| 440 | 0 | _aRoutledge studies in intervention and statebuilding | |
| 504 | _aIncludes bibliographical references and index. | ||
| 505 | 0 | _aPolicy analysis : contending and complementary approaches -- A fragile states framework -- The determinants and consequences of state fragility : an empirical assessment -- Assessing policy inputs : aid allocation and effectiveness in fragile states environments -- Profiles of fragility for effective risk analysis and monitoring -- Fragility relevance and impact assessment. | |
| 650 | 0 | _aNation-building. | |
| 650 | 0 |
_aPolitical stability _zDeveloping countries. |
|
| 650 | 0 | _aSecurity, International. | |
| 651 | 0 |
_aDeveloping countries _xPolitics and government. |
|
| 700 | 1 | _aPrest, Stewart. | |
| 700 | 1 | _aSamy, Yiagadeesen. | |
| 906 |
_a7 _bcbc _corignew _d1 _eecip _f20 _gy-gencatlg |
||
| 942 |
_2ddc _cBK |
||
| 999 |
_c14647 _d14647 |
||